000 01442cam a2200385 a 4500
001 3211
003 FISKH
005 20250423122222.0
008 901029s1991 nyua j b 001 0 eng
010 _a 90023032
020 _a053105943X :
020 _a0531085430 (lib.)
020 _a9780590489461
040 _aDLC
_cDLC
_dDLC
_beng
042 _alcac
043 _an-us-wy
_an-us-mt
_an-us-id
050 0 0 _aSD421.32.Y45
_bL38 1991
082 0 0 _a581.5/2642
_220
100 1 _aLauber, Patricia.
245 1 0 _aSummer of fire :
_bYellowstone 1988 /
_cby Patricia Lauber.
260 _aNew York :
_bScholastic,
_c1991.
300 _a64 pages :
_bcolor illustrations ;
_c27 cm
504 _aIncludes bibliographical references (p. 61) and index.
520 _aDescribes the season of fire that struck Yellowstone in 1988, and examines the complex ecology that returns plant and animal life to a seemingly barren, ash-covered expanse.
650 0 _aForest fires
_zYellowstone National Park
_xJuvenile literature.
650 0 _aForest ecology
_zYellowstone National Park
_xJuvenile literature.
650 1 _aForest fires
_zYellowstone National Park.
650 1 _aFire ecology.
650 1 _aEcology.
650 1 _aNational parks and reserves.
651 0 _aYellowstone National Park
_xJuvenile literature.
651 1 _aYellowstone National Park.
906 _a7
_bcbc
_corignew
_d1
_eocip
_f19
_gy-gencatlg
942 _2ddc
_cBK
_n0
999 _c3211
_d3211